000 00290nam a22001337a 4500
008 170609b xxu||||| |||| 00| 0 eng d
020 _a9780886875749
041 _aeng
080 _a32
100 _a19
101 _aSHP
245 _aAMERICAN REVOLUTION
_cPURCELL, L.E
942 _2udc
_cBK
999 _c16710
_d16710